LEADER 00937nam0-22003251i-450- 001 990003183150403321 035 $a000318315 035 $aFED01000318315 035 $a(Aleph)000318315FED01 035 $a000318315 100 $a20000920d1970----km-y0itay50------ba 101 0 $aita 102 $aIT 200 1 $aRiforma e rivoluzione nelle società tradizionali$eStoria e etnologia dei movimenti messianici$fMaria Isaura Pereira de Queiroz. 210 $aMilano$cJaca Books$d\c\\1970. 215 $a274 p.$d23 cm 225 1 $aSaggi Jaca Book$v27 676 $a13110 676 $a13130 676 $a13510 676 $a13570 702 1$aPereira De queiroz,$bMaria isaura 801 0$aIT$bUNINA$gRICA$2UNIMARC 901 $aBK 912 $a990003183150403321 952 $a13510 PER$b043818$fSES 959 $aSES 996 $aRiforma e rivoluzione nelle società tradizionali$9452400 997 $aUNINA DB $aING01 LEADER 00977nam0-22003251i-450- 001 990001824220403321 005 20080709140000.0 035 $a000182422 035 $aFED01000182422 035 $a(Aleph)000182422FED01 035 $a000182422 100 $a20030910f18701880km-y0itay50------ba 101 0 $aita 102 $aIT 105 $ay-------001yy 200 1 $aDella materia grassa o sego di Piney estratta dalla Vateria Indica$fG. Dal Sie 210 $a[S.l.$cs.n.$d187.] 215 $a14 p.$d24 cm 300 $aEstr. da: Bollettino delle scienze naturali, 3(2). 610 0 $aGrassi vegetali 676 $a665.3 700 1$aDal Sie,$bGiovanni$0430356 801 0$aIT$bUNINA$gRICA$2UNIMARC 901 $aBK 912 $a990001824220403321 952 $a60 MISC. A 27/1$b1445$fFAGBC 952 $a60 DONO COMES 20/12$b37508$fFAGBC 959 $aFAGBC 996 $aDella materia grassa o sego di Piney estratta dalla Vateria Indica$9413203 997 $aUNINA LEADER 01288nam0 2200313 i 450 001 VAN0007545 005 20071023120000.0 010 $a88-8114-164-7 020 $aIT$b97 303s 100 $a20020826d1995 |0itac50 ba 101 $aita 102 $aIT 105 $a|||| ||||| 200 1 $aˆIl ‰processo di internazionalizzazione del diritto agrario$fPietro Romano Orlando 205 $aNapoli : Edizioni scientifiche italiane$b[1995] 210 $d275 p. ; 24 cm 215 $aNell'occhietto: Università degli studi di Perugia, Facoltà di scienze politiche. 606 $aProdotti agricoli$xCommercio$xAccordi internazionali$3VANC004490$2FI 620 $dNapoli$3VANL000005 676 $a341.75471$v21 700 1$aOrlando$bPietro R.$3VANV006244$0730146 712 $aESI $3VANV108662$4650 790 1$aOrlando, Pietro Romano$zOrlando, Pietro R.$3VANV073420 801 $aIT$bSOL$c20240329$gRICA 899 $aBIBLIOTECA DEL DIPARTIMENTO DI GIURISPRUDENZA$1IT-CE0105$2VAN00 912 $aVAN0007545 950 $aBIBLIOTECA DEL DIPARTIMENTO DI GIURISPRUDENZA$d00CONS III.Ef.2 $e00 7480 20020827 996 $aProcesso di internazionalizzazione del diritto agrario$91438667 997 $aUNICAMPANIA